Visualizzazione normale
Vista MARC
- Zeliszewki T.
di Personal Name
Records bibliografici associati: 1
001 - CONTROL NUMBER
- control field: 25063
003 - CONTROL NUMBER IDENTIFIER
- control field: IT-RoPau
005 - DATE AND TIME OF LATEST TRANSACTION
- control field: 20140514173651.0
008 - FIXED-LENGTH DATA ELEMENTS
- fixed length control field: 140514|| aca||aabn | a|a d
040 ## - CATALOGING SOURCE
- Original cataloging agency: IT-RoPau
- Transcribing agency: IT-RoPau
100 ## - HEADING--PERSONAL NAME
- Personal name: Zeliszewki T.
- Relator term: Autore testo e musica
- Miscellaneous information: Codice autore testo/musica SPICS: 25175
670 ## - SOURCE DATA FOUND
- Source citation: Work cat.: (IT-RoPau)102915: Lipko Romuald 25059, Urszula 3 (Lp Alp 007)